书目信息 |
| 题名: |
秸秆生物降解技术研究与应用
|
|
| 作者: | 李莉 , 池景良 主编 | |
| 分册: | ||
| 出版信息: | 沈阳 辽宁科学技术出版社 2014.02 |
|
| 页数: | 187页 | |
| 开本: | 26cm | |
| 丛书名: | 辽宁省优秀自然科学著作 | |
| 单 册: | ||
| 中图分类: | S816.5 | |
| 科图分类: | ||
| 主题词: | 秸秆--生物降解--研究 , 秸秆 , 生物降解 | |
| 电子资源: | ||
| ISBN: | 978-7-5381-8465-5 | |
| 000 | 01199oam2 2200337 450 | |
| 001 | 0120141265036 | |
| 005 | 20140610104951.04 | |
| 010 | @a978-7-5381-8465-5@dCNY36.00 | |
| 100 | @a20140402d2014 em y0chiy0110 ea | |
| 101 | 0 | @achi |
| 102 | @aCN@b210000 | |
| 105 | @aak z 000yy | |
| 106 | @ar | |
| 200 | 1 | @a秸秆生物降解技术研究与应用@9jie gan sheng wu jiang jie ji shu yan jiu yu ying yong@f李莉,池景良主编 |
| 210 | @a沈阳@c辽宁科学技术出版社@d2014.02 | |
| 215 | @a187页@c图@d26cm | |
| 225 | 2 | @a辽宁省优秀自然科学著作 |
| 300 | @a辽宁科学资助 | |
| 312 | @a封面英文题名:Research and application of straw biodegradation technology | |
| 330 | @a本书分为10章,内容包括:具有降解秸秆功能的微生物种类及其分离方法;秸秆生物降解高效复合菌群的构建;复合菌剂生产工艺关键技术研究等。 | |
| 333 | @a相关读者 | |
| 461 | 0 | @12001 @a辽宁省优秀自然科学著作 |
| 510 | 1 | @aResearch and application of straw biodegradation technology@zeng |
| 606 | 0 | @a秸秆@x生物降解@x研究 |
| 606 | 0 | @a秸秆 |
| 606 | 0 | @a生物降解 |
| 690 | @aS816.5@v5 | |
| 701 | 0 | @a李莉@9li li@4主编 |
| 701 | 0 | @a池景良@9chi jing liang@4主编 |
| 801 | 0 | @aCN@b人天书店@c20140402 |
| 905 | @b846269-71@dS816.5@e103@f3 | |
| 秸秆生物降解技术研究与应用/李莉,池景良主编.-沈阳:辽宁科学技术出版社,2014.02 |
| 187页:图;26cm.-(辽宁省优秀自然科学著作) |
| 辽宁科学资助.-使用对象:相关读者 |
| ISBN 978-7-5381-8465-5:CNY36.00 |
| 本书分为10章,内容包括:具有降解秸秆功能的微生物种类及其分离方法;秸秆生物降解高效复合菌群的构建;复合菌剂生产工艺关键技术研究等。 |
| ● |
| 相关链接 |
|
|
|
|
正题名:秸秆生物降解技术研究与应用
索取号:S816.5/103
 
预约/预借
| 序号 | 登录号 | 条形码 | 馆藏地/架位号 | 状态 | 备注 |
| 1 | 846269 | 208462698 | 第二样本阅览室/ [索取号:S816.5/103] | 在馆 | |
| 2 | 846270 | 208462705 | 第三借阅区/ [索取号:S816.5/103] | 在馆 | |
| 3 | 846271 | 208462714 | 第三借阅区/ [索取号:S816.5/103] | 在馆 |